<?xml version="1.0" encoding="UTF-8"?>
<marc:record xmlns:marc="http://www.loc.gov/MARC21/slim">
   <marc:leader>00000nam a2200000 a 4500</marc:leader>
   <marc:datafield ind1="1" ind2=" " tag="100">
      <marc:subfield code="a">Strathmann, Jan</marc:subfield>
      <marc:subfield code="4">aut</marc:subfield>
      <marc:subfield code="e">Verfasser/-in</marc:subfield>
   </marc:datafield>
   <marc:datafield ind1="1" ind2=" " tag="100">
      <marc:subfield code="a">Janosch</marc:subfield>
      <marc:subfield code="4">aut</marc:subfield>
      <marc:subfield code="e">Verfasser/-in</marc:subfield>
   </marc:datafield>
   <marc:datafield ind1="1" ind2=" " tag="100">
      <marc:subfield code="a">Hoffmann, Reinhold</marc:subfield>
      <marc:subfield code="4">aut</marc:subfield>
      <marc:subfield code="e">Verfasser/-in</marc:subfield>
   </marc:datafield>
   <marc:datafield ind1="0" ind2="0" tag="245">
      <marc:subfield code="a">Die Tigerentenbande - Staffel 4 - Folge 2: Wandertag im Wilden Westen</marc:subfield>
   </marc:datafield>
   <marc:datafield ind1="0" ind2="0" tag="245">
      <marc:subfield code="c">Regie: Roberto Chamorro Moriana; Drehbuch: Jan Strathmann; Vorlage: Janosch; Musik: Reinhold Hoffmann</marc:subfield>
   </marc:datafield>
   <marc:datafield ind1=" " ind2="1" tag="264">
      <marc:subfield code="a">Potsdam</marc:subfield>
      <marc:subfield code="b">filmwerte GmbH</marc:subfield>
      <marc:subfield code="c">2022</marc:subfield>
   </marc:datafield>
   <marc:datafield ind1="1" ind2=" " tag="520">
      <marc:subfield code="a">Hannes Strohkopp geht zur Abwechslung mal gerne zur Schule. Es ist Wandertag. Endlich hagelt es keine Fünfer von Lehrer Birkenpapppel. Doch zu früh gejubelt. Der Bus fährt zur Geisterstadt slamy bamy footle pitch, direkt in das Revier des Mäuse-Sheriffs Browning. Das riecht nach Ärger. Und tatsächlich: gleich nach der Ankunft tauscht der listige Mäuserich Hannes&#x92; Rucksack aus, in dem die Tigerente steckt. Im nächsten Moment verteilt Birkenpappel Aufgaben. Während Hannes unbemerkt versucht, die Tigerente zurück zu bekommen muss er gleichzeitig Heuschrecken jagen und beim Orientierungslauf mitmachen. Es hagelt Fünfer. Doch Hannes schafft es schließlich, den Rucksack wieder auszutauschen. Am Ende hat Hannes seine Tigerente wieder, Egon Emmentaler sitzt im Kittchen und der Mäuse-Sheriff muss auf einem Kaktus Rodeo reiten. Unglaublich aber wahr.</marc:subfield>
   </marc:datafield>
   <marc:datafield ind1=" " ind2=" " tag="041">
      <marc:subfield code="a">ger</marc:subfield>
   </marc:datafield>
   <marc:datafield ind1=" " ind2=" " tag="300">
      <marc:subfield code="a">1 Online-Ressource (13 min), Bild: 16:9 SD</marc:subfield>
   </marc:datafield>
</marc:record>
